Muestrario del material de imprenta de la Casa Provincial de Caridad
Descripción Física:
[158] p. : il. ; 27 cm
MARC
| LEADER | 00000nam a2200000Ia 4500 | ||
|---|---|---|---|
| 001 | 13900 | ||
| 008 | 160829s1890 xx 000 0 cat d | ||
| 080 | |a C-2-229 | ||
| 245 | |a Muestrario del material de imprenta de la Casa Provincial de Caridad | ||
| 260 | |a Barcelona : |b la Casa, |c 1890 | ||
| 300 | |a [158] p. : |b il. ; |c 27 cm | ||
| 590 | |a Algunes p. en blanc. | ||
| 590 | |a Títol a la coberta: Muestrario de los caracteres de imprenta de la Casa Provincial de Caridad | ||
| 650 | |a Casa de Caritat (Barcelona). Impremta Escola |x Catàlegs |9 24272 | ||
| 650 | |a Tipus d'impremta |x Catàlegs |9 24273 | ||
| 650 | |a Composició tipogràfica |9 38867 | ||
| 710 | |a Casa de Caritat (Barcelona, Catalunya) |9 52406 | ||
| 710 | |a Casa de Caritat (Barcelona, Catalunya) |9 52406 | ||
| 901 | |a Arxiu | ||
| 942 | |n 1 | ||
| 952 | |0 0 |1 0 |4 0 |6 C2229 |7 1 |9 43053 |a Arxiu |b Arxiu |d 2016-12-01 |l 0 |o C-2-229 |p 13900 |r 2016-12-01 00:00:00 |w 2016-12-01 |y ARXIU | ||
| 999 | |c 45597 |d 45597 | ||